000 00603nam a22001697a 4500
999 _c13880
_d13880
008 190508b ||||| |||| 00| 0 eng d
082 _22018
_aUT 1271
_bD35
100 _aDelima, Meek Laine B.
_938635
245 _aCrime rates in Davao del Sur year 2014-2016/
_cMeek Laaine B. Delima, Merlan E. Corpuz, and Famela A. Ayo
260 _aDigos City.
_bUMDC
_cNovember 2018
300 _a40 pages.
_c30 cm.
650 _a
_v Criminology
_xUndergraduate thesis.
_938636
700 _aDelima, Meek Laine B.
_938635
700 _aCorpuz, Merlan E.
_938637
700 _aAyo, Famela A.
_938638
942 _2ddc
_cUT